书目信息 |
| 题名: |
农村有线广播
|
|
| 作者: | 农村有线广播编写组编写 | |
| 分册: | ||
| 出版信息: | 北京 科学出版社 1971 |
|
| 页数: | 617页 | |
| 开本: | 21cm | |
| 丛书名: | ||
| 单 册: | ||
| 中图分类: | TN933 | |
| 科图分类: | ||
| 主题词: | 有线电广播系统-农村 , 农村-有线电广播系统 | |
| 电子资源: | ||
| ISBN: | ||
| 000 | 00616nam0 2200229 45 | |
| 001 | 0182006451 | |
| 005 | 20060804104045.64 | |
| 010 | @dCNY1.30 | |
| 091 | @a15031.395 | |
| 100 | @a19950530d1971 em y0chiy0121 ea | |
| 101 | 0 | @achi |
| 102 | @aCN@b110000 | |
| 105 | @ay z 000yy | |
| 200 | 10 | @a农村有线广播@Anong cun you xian guang bo@f农村有线广播编写组编写 |
| 210 | @a北京@c科学出版社@d1971 | |
| 215 | @a617页@d21cm | |
| 606 | @a有线电广播系统-农村 | |
| 606 | @a农村-有线电广播系统 | |
| 690 | @aTN933@v3 | |
| 801 | 2 | @aCN@bNLC@c20060804 |
| 801 | 0 | @aCN@b上海图书馆@c20040517 |
| 905 | @f1@b10013@dTN933@e6 | |
| 农村有线广播/农村有线广播编写组编写.-北京:科学出版社,1971 |
| 617页;21cm |
| ISBN :CNY1.30 |
| ● |
| 相关链接 |
|
|
|
|
正题名:农村有线广播
索取号:TN933/6
 
预约/预借
| 序号 | 登录号 | 条形码 | 馆藏地/架位号 | 状态 | 备注 |
| 1 | 0010013 | 001324784 | 第三借阅区/ [索取号:TN933/6] | 在馆 | |
| 2 | 0010016 | 001324748 | 第二样本阅览室/ [索取号:TN933/6] | 在馆 | |
| 3 | 0439715 | 204397152 | 密集书库/ [索取号:TN933/6] | 在馆 |